000 00717nam a2200253Ia 4500
003 OSt
005 20220918220544.0
006 a|||||r|||| 00| 0
007 ta
008 220917b |||||||| |||| 00| 0 eng d
024 _a146,407
037 _cTextual
040 _aARTS
_cARTS
_beng
041 _2eng
_aeng
082 _aYZ.3124.N12<-M69, L3
100 _aBosanquet Helen
_9137789
245 0 _aSocial work in London 1869-1912
260 _aEngland
_bHarvester Press
_c1973
300 _axvi, 420p.
_ccm.
490 _aSociety and the victorian ed by John Spiers
650 _aSOCIOLOGY
942 _hYZ.3124.N12<-M69, L3
_cTEXL
_2CC
999 _c269163
_d269163